[Event "HUN-chT2 Maroczy 1213"]
[Site "Hungary"]
[Date "2013.04.21"]
[Round "11"]
[White "Karacsony, Attila"]
[Black "Kormos, Lajos"]
[Result "1/2-1/2"]
[WhiteElo "2308"]
[BlackElo "2140"]
[PlyCount "65"]
[EventDate "2012.09.16"]
[EventType "team-tourn"]
[EventRounds "11"]
[EventCountry "HUN"]
[SourceTitle "EXT 2014"]
[Source "ChessBase"]
[SourceDate "2013.11.20"]
[SourceVersion "1"]
[SourceVersionDate "2013.11.20"]
[SourceQuality "1"]
[WhiteTeam "Vasas"]
[BlackTeam "Kisujszallas"]
[WhiteTeamCountry "HUN"]
[BlackTeamCountry "HUN"]

1. e4 c5 2. c3 d5 3. exd5 Qxd5 4. d4 e6 5. Nf3 Nf6 6. Na3 Qd8 7. Nc2 Be7 8. Bd3 Nc6 9. Ne5 Qd5 10. Ne3 Qd6 11. N3c4 Qc7 12. Bf4 Nxe5 13. Bxe5 Qc6 14. Qe2 0-0 15. dxc5 Qxc5 16. Rd1 Bd7 17. Bxf6 Bxf6 18. Bxh7+ Kxh7 19. Qe4+ g6 20. Rxd7 b5 21. Ne3 Rad8 22. Rxd8 Rxd8 23. 0-0 Rd2 24. Ng4 Bg5 25. h4 Qf5 26. Qxf5 gxf5 27. Ne5 Bf6 28. Nxf7 Kg6 29. Ng5 Bxg5 30. hxg5 Rxb2 31. Re1 Kxg5 32. Ra1 Rc2 33. a4 1/2-1/2

[Event "HUN-chT2 Maroczy 1112"]
[Site "Hungary"]
[Date "2012.05.20"]
[Round "11"]
[White "Kormos, Lajos"]
[Black "Hibjan, Tamas"]
[Result "1/2-1/2"]
[WhiteElo "2099"]
[BlackElo "2178"]
[PlyCount "23"]
[EventDate "2011.09.25"]
[EventType "team-tourn"]
[EventRounds "11"]
[EventCountry "HUN"]
[SourceTitle "EXT 2013"]
[Source "ChessBase"]
[SourceDate "2012.11.22"]
[SourceVersion "1"]
[SourceVersionDate "2012.11.22"]
[SourceQuality "1"]
[WhiteTeam "Kisujszallas"]
[BlackTeam "Nyiregyhaza"]
[WhiteTeamCountry "HUN"]
[BlackTeamCountry "HUN"]

1. d4 Nf6 2. Nf3 g6 3. c4 Bg7 4. Nc3 0-0 5. e4 d6 6. Be2 Na6 7. 0-0 e5 8. d5 Nc5 9. Nd2 a5 10. f3 Nh5 11. Nb3 Nxb3 12. Qxb3 1/2-1/2

[Event "HUN-chT2 Maroczy 1011"]
[Site "Hungary"]
[Date "2010.09.12"]
[Round "1"]
[White "Kormos, Lajos"]
[Black "Hetenyi, Geza"]
[Result "1/2-1/2"]
[WhiteElo "2086"]
[BlackElo "2215"]
[PlyCount "102"]
[EventDate "2010.09.12"]
[EventType "team-tourn"]
[EventRounds "11"]
[EventCountry "HUN"]
[SourceTitle "EXT 2012"]
[Source "ChessBase"]
[SourceDate "2011.11.24"]
[SourceVersion "1"]
[SourceVersionDate "2011.11.24"]
[SourceQuality "1"]
[WhiteTeam "Kisujszallas"]
[BlackTeam "Lila Futo"]
[WhiteTeamCountry "HUN"]
[BlackTeamCountry "HUN"]

1. d4 Nf6 2. Nf3 g6 3. c4 c5 4. d5 b5 5. cxb5 a6 6. e3 Bg7 7. Nc3 0-0 8. bxa6 d6 9. Bd3 Bxa6 10. Bxa6 Rxa6 11. Qe2 Qa5 12. 0-0 Nbd7 13. Bd2 Rfa8 14. h3 Qb6 15. Rfb1 Qb7 16. e4 Nb6 17. b4 cxb4 18. Rxb4 Qc7 19. Rc1 Qd8 20. Nd4 Nfd7 21. Nc6 Qf8 22. Bg5 f6 23. Be3 f5 24. Bd4 Bxd4 25. Rxd4 f4 26. e5 f3 27. gxf3 dxe5 28. Re4 Nc8 29. Nxe5 Nf6 30. Rc4 Nd6 31. Rc6 R6a7 32. Rc2 Nf5 33. Qc4 Nd6 34. Qf4 Qg7 35. Nc4 Nh5 36. Qe5 Nf5 37. Qe6+ Kh8 38. Rc8+ Rxc8 39. Qxc8+ Qg8 40. Qxg8+ Kxg8 41. Ne2 Nf6 42. Rd2 Ra4 43. Ne3 Nh4 44. Rc2 Nxf3+ 45. Kh1 Ne4 46. Ng1 Ne5 47. Kg2 Nd3 48. Rc4 Ne1+ 49. Kh2 Rxc4 50. Nxc4 Nc3 51. d6 exd6 1/2-1/2

[Event "HUN-chT2 Erkel 0809"]
[Site "Hungary"]
[Date "2009.02.22"]
[Round "8.7"]
[White "Kormos, Lajos"]
[Black "Zoltan, Andras"]
[Result "1/2-1/2"]
[WhiteElo "2075"]
[BlackElo "2085"]
[PlyCount "33"]
[EventDate "2008.10.26"]
[EventType "team-tourn"]
[EventRounds "11"]
[EventCountry "HUN"]
[SourceTitle "EXT 2010"]
[Source "ChessBase"]
[SourceDate "2010.11.25"]
[SourceVersion "1"]
[SourceVersionDate "2010.11.25"]
[SourceQuality "1"]
[WhiteTeam "Keviterv"]
[BlackTeam "HASE II"]
[WhiteTeamCountry "HUN"]
[BlackTeamCountry "HUN"]

1. d4 d5 2. Nf3 Bg4 3. c4 c6 4. cxd5 Bxf3 5. exf3 Qxd5 6. Nc3 Qd8 7. Bc4 e6 8. 0-0 Be7 9. Re1 Nf6 10. Bf4 0-0 11. Qb3 Qd7 12. Rad1 b5 13. Bd3 a5 14. Qc2 Na6 15. Qe2 Nb4 16. Bb1 Nbd5 17. Be5 1/2-1/2

[Event "HUN-chT2 Erkel 0809"]
[Site "Hungary"]
[Date "2009.01.25"]
[Round "6.7"]
[White "Kormos, Lajos"]
[Black "Dupsky, Laszlo"]
[Result "0-1"]
[WhiteElo "2075"]
[BlackElo "2227"]
[PlyCount "82"]
[EventDate "2008.10.26"]
[EventType "team-tourn"]
[EventRounds "11"]
[EventCountry "HUN"]
[SourceTitle "EXT 2010"]
[Source "ChessBase"]
[SourceDate "2010.11.25"]
[SourceVersion "1"]
[SourceVersionDate "2010.11.25"]
[SourceQuality "1"]
[WhiteTeam "Keviterv"]
[BlackTeam "TTC"]
[WhiteTeamCountry "HUN"]
[BlackTeamCountry "HUN"]

1. d4 d5 2. Nf3 c5 3. e3 Nc6 4. c4 e6 5. Nc3 Nf6 6. dxc5 Bxc5 7. a3 0-0 8. cxd5 exd5 9. Be2 a6 10. 0-0 Re8 11. b4 Bd6 12. Bb2 Bc7 13. Qd3 Qd6 14. g3 Bh3 15. Rfd1 Rad8 16. b5 Ne5 17. Nxe5 Qxe5 18. bxa6 Ng4 19. Nb5 d4 20. Bxd4 Qe7 21. axb7 Bb8 22. Bf3 h5 23. Qc3 h4 24. Qc5 Qe6 25. Nc7 hxg3 26. hxg3 Qg6 27. Rac1 Re4 28. Bxe4 Qxe4 29. Qc6 Qf5 30. f4 Bxc7 31. Qxc7 Qd5 32. Qc6 Qa2 33. Rc2 Qb3 34. Qc8 Kh8 35. Qf5 Kg8 36. Qe4 f5 37. Qe7 Rxd4 38. Qe6+ Qxe6 39. b8Q+ Kh7 40. exd4 Qe3+ 41. Kh1 Qf3+ 0-1

[Event "HUN-chT2 Erkel 0809"]
[Site "Hungary"]
[Date "2009.01.11"]
[Round "5.7"]
[White "Kormos, Lajos"]
[Black "Gombocz, Zsolt"]
[Result "1/2-1/2"]
[WhiteElo "2075"]
[BlackElo "2106"]
[PlyCount "33"]
[EventDate "2008.10.26"]
[EventType "team-tourn"]
[EventRounds "11"]
[EventCountry "HUN"]
[SourceTitle "EXT 2010"]
[Source "ChessBase"]
[SourceDate "2010.11.25"]
[SourceVersion "1"]
[SourceVersionDate "2010.11.25"]
[SourceQuality "1"]
[WhiteTeam "Keviterv"]
[BlackTeam "MAFC"]
[WhiteTeamCountry "HUN"]
[BlackTeamCountry "HUN"]

1. d4 d5 2. Nf3 Nf6 3. c4 e6 4. e3 Be7 5. Nc3 0-0 6. Bd3 c5 7. 0-0 b6 8. cxd5 exd5 9. b3 Nc6 10. Bb2 cxd4 11. exd4 Bg4 12. Be2 Rc8 13. h3 Bh5 14. Rc1 Bd6 15. Ba6 Bf4 16. Ra1 Rb8 17. g3 1/2-1/2

[Event "HUN-chT2 Erkel 0809"]
[Site "Hungary"]
[Date "2008.12.21"]
[Round "4.7"]
[White "Mester, Attila"]
[Black "Kormos, Lajos"]
[Result "1-0"]
[WhiteElo "2116"]
[BlackElo "2075"]
[PlyCount "73"]
[EventDate "2008.10.26"]
[EventType "team-tourn"]
[EventRounds "11"]
[EventCountry "HUN"]
[SourceTitle "EXT 2010"]
[Source "ChessBase"]
[SourceDate "2010.11.25"]
[SourceVersion "1"]
[SourceVersionDate "2010.11.25"]
[SourceQuality "1"]
[WhiteTeam "PSE II"]
[BlackTeam "Keviterv"]
[WhiteTeamCountry "HUN"]
[BlackTeamCountry "HUN"]

1. e4 c5 2. Nf3 d6 3. d4 cxd4 4. Nxd4 Nf6 5. Nc3 a6 6. g3 e5 7. Nb3 Be6 8. Bg2 Nbd7 9. a4 Be7 10. 0-0 0-0 11. a5 Qc7 12. Re1 Rac8 13. Nd2 Rfd8 14. Nf1 h6 15. Ne3 b5 16. axb6 Qxb6 17. Ncd5 Bxd5 18. exd5 Bf8 19. b3 Ra8 20. Bd2 Rdb8 21. Nc4 Qc5 22. Be3 Qc7 23. Na5 Rc8 24. c4 Be7 25. Nc6 Kf8 26. b4 Nb8 27. b5 Nxc6 28. dxc6 axb5 29. Rxa8 Rxa8 30. cxb5 e4 31. Qc2 Nd5 32. Qxe4 Nxe3 33. Qxe3 Rb8 34. Qxe7+ Qxe7 35. Rxe7 Kxe7 36. c7 Rc8 37. b6 1-0

[Event "HUN-chT2 Erkel 0607"]
[Site "Hungary"]
[Date "2006.12.03"]
[Round "3"]
[White "Kormos, Lajos"]
[Black "Mizsei, Janos"]
[Result "1-0"]
[WhiteElo "2086"]
[BlackElo "2157"]
[PlyCount "78"]
[EventDate "2006.11.12"]
[EventType "team"]
[EventRounds "11"]
[EventCountry "HUN"]
[SourceTitle "EXT 2008"]
[Source "ChessBase"]
[SourceDate "2007.11.25"]
[SourceVersion "1"]
[SourceVersionDate "2007.11.25"]
[SourceQuality "1"]
[WhiteTeam "Keviterv"]
[BlackTeam "Szekuritas"]
[WhiteTeamCountry "HUN"]
[BlackTeamCountry "HUN"]

1. d4 f5 2. g3 Nf6 3. Bg2 g6 4. Nf3 Bg7 5. 0-0 0-0 6. c4 d6 7. Nc3 Qe8 8. Re1 e5 9. e4 Nxe4 10. Nxe4 fxe4 11. Rxe4 Qf7 12. dxe5 dxe5 13. Be3 Nc6 14. Ng5 Qe8 15. Qd5+ Kh8 16. Nxh7 Be6 17. Rh4 Kg8 18. Ng5 Nd8 19. Nxe6 Nxe6 20. Bh3 Rf6 21. Bg5 c6 22. Bxe6+ Rxe6 23. Qd2 e4 24. Rd1 Re5 25. Bh6 Bf6 26. Rf4 Rd8 27. Qxd8 Bxd8 28. Rf8+ Qxf8 29. Bxf8 Bb6 30. Bd6 Rf5 31. c5 Bxc5 32. Bxc5 Rxc5 33. Rd8+ Kf7 34. Rd7+ Ke6 35. Rxb7 Rc2 36. Rb3 a5 37. Rc3 Rxb2 38. Rxc6+ Kf5 39. Rc5+ Kg4 1-0

[Event "HUN-chT2 Toth 0506"]
[Site "Hungary"]
[Date "2005.12.04"]
[Round "5"]
[White "Kormos, Lajos"]
[Black "Farkas, Lorinc"]
[Result "0-1"]
[WhiteElo "2086"]
[BlackElo "2100"]
[PlyCount "79"]
[EventDate "2005.10.16"]
[EventType "team"]
[EventRounds "11"]
[EventCountry "HUN"]
[SourceTitle "EXT 2009"]
[Source "ChessBase"]
[SourceDate "2008.11.26"]
[SourceVersion "1"]
[SourceVersionDate "2008.11.26"]
[SourceQuality "1"]
[WhiteTeam "Metroepszolg"]
[BlackTeam "Battonya"]
[WhiteTeamCountry "HUN"]
[BlackTeamCountry "HUN"]

1. d4 d6 2. c4 g6 3. Nc3 Bg7 4. e4 c6 5. Be2 a6 6. Nf3 b5 7. 0-0 Bg4 8. cxb5 axb5 9. h3 Bd7 10. d5 b4 11. dxc6 bxc3 12. cxd7+ Nxd7 13. bxc3 Ngf6 14. Qc2 0-0 15. Be3 Qa5 16. Nd4 Rfc8 17. Rfc1 Ne5 18. a4 Nc4 19. Bxc4 Rxc4 20. f3 Nd7 21. Nb3 Qa6 22. Nd4 Rxa4 23. Rxa4 Qxa4 24. Qxa4 Rxa4 25. Rc2 Rc4 26. Kf2 h5 27. Ne2 Ne5 28. Bd4 Nd3+ 29. Kf1 Bxd4 30. Nxd4 Kg7 31. Ke2 Ne5 32. Ke3 Kf6 33. Ne2 Ra4 34. Nf4 e6 35. Ne2 Nc4+ 36. Kd3 e5 37. Nc1 Ke6 38. Ne2 f5 39. Nc1 f4 40. Ra2 0-1

[Event "HUN-chT2 Erkel 0405"]
[Site "Hungary"]
[Date "2004.12.19"]
[Round "6"]
[White "Pongracz, Attila"]
[Black "Kormos, Lajos"]
[Result "0-1"]
[WhiteElo "2064"]
[BlackElo "2103"]
[PlyCount "93"]
[EventDate "2004.09.26"]
[EventType "team"]
[EventRounds "11"]
[EventCountry "HUN"]
[SourceTitle "EXT 2009"]
[Source "ChessBase"]
[SourceDate "2008.11.26"]
[SourceVersion "1"]
[SourceVersionDate "2008.11.26"]
[SourceQuality "1"]
[WhiteTeam "Mezokovesd"]
[BlackTeam "Metroepszolg"]
[WhiteTeamCountry "HUN"]
[BlackTeamCountry "HUN"]

1. e4 c5 2. Nf3 d6 3. d4 cxd4 4. Nxd4 Nf6 5. Nc3 a6 6. Be2 e5 7. Nb3 Be6 8. Bg5 Nbd7 9. 0-0 Qc7 10. Kh1 Be7 11. Be3 Nb6 12. f4 Rc8 13. Rc1 0-0 14. Qe1 Nc4 15. Bxc4 Bxc4 16. Rf3 b5 17. a3 a5 18. Nd2 b4 19. axb4 axb4 20. Ne2 Ng4 21. Ng3 Bh4 22. h3 Nf6 23. Bf2 Bxg3 24. Bxg3 Nh5 25. f5 Nxg3+ 26. Qxg3 f6 27. b3 Be2 28. Re3 Bh5 29. c4 bxc3 30. Rexc3 Qb7 31. Qd3 Rxc3 32. Rxc3 Rd8 33. Nc4 d5 34. Na5 Qa8 35. Nc6 Qa1+ 36. Kh2 d4 37. Rc2 Re8 38. b4 Qd1 39. Qb3+ Bf7 40. Ne7+ Kf8 41. Nd5 d3 42. Rc3 Qxb3 43. Rxb3 Bxd5 44. exd5 e4 45. Kg1 d2 46. Rb1 e3 47. d6 0-1

[Event "HUN-chT2 Maroczy 0304"]
[Site "Hungary"]
[Date "2003.04.18"]
[Round "11"]
[White "Kormos, Lajos"]
[Black "Kun, Sandor"]
[Result "1-0"]
[WhiteElo "2111"]
[BlackElo "2121"]
[PlyCount "77"]
[EventDate "2003.09.28"]
[EventType "team"]
[EventRounds "11"]
[EventCountry "HUN"]
[SourceTitle "EXT 2005"]
[Source "ChessBase"]
[SourceDate "2004.11.15"]
[SourceVersion "1"]
[SourceVersionDate "2004.11.15"]
[SourceQuality "1"]

1. d4 Nf6 2. c4 g6 3. Nc3 Bg7 4. e4 d6 5. Be2 0-0 6. Nf3 e5 7. 0-0 Nc6 8. d5 Ne7 9. b4 a5 10. bxa5 Rxa5 11. Nd2 Nd7 12. Nb3 Ra8 13. Be3 f5 14. f3 b6 15. a4 Nc5 16. Ra2 Kh8 17. Qc2 Ng8 18. Rfa1 Nf6 19. h3 Nh5 20. Nxc5 bxc5 21. Bf1 Rf7 22. a5 Ba6 23. Qa4 Ng3 24. Bd3 Rb8 25. Nb5 h5 26. Rb1 Qh4 27. Rab2 fxe4 28. Nxd6 Rbf8 29. Nxf7+ Rxf7 30. Rb8+ Kh7 31. fxe4 Bf8 32. Qe8 Qf6 33. Qe6 Kg7 34. Qxf6+ Rxf6 35. Bg5 Rd6 36. Bh4 Bxc4 37. Bxc4 Nxe4 38. a6 Nd2 39. a7 1-0